Statistics for Country Quartets Bordering Country Pairs

Click here to take the quiz!

General Stats

  • This quiz has been taken 47 times
  • The average score is 25 of 30

Answer Stats

ANSWER % Correct
Belgium
95%
Luxembourg
95%
Switzerland
93%
Netherlands
93%
Afghanistan
91%
Pakistan
91%
Nepal
89%
Zimbabwe
86%
Zambia
86%
Kazakhstan
86%
Rwanda
86%
Mozambique
86%
Uganda
86%
Tajikistan
86%
Namibia
84%
Ukraine
84%
Bhutan
84%
Burundi
84%
Botswana
82%
Latvia
82%
Poland
82%
Lithuania
80%
France-Germany
80%
Kyrgyzstan
77%
China-India
75%
Burma
75%
Belarus-Russia
68%
South Africa-Zambia
64%
DR Congo-Tanzania
55%
China-Uzbekistan
55%

Score Distribution

Percentile by Number Answered

Percent of People with Each Score

Your Score History

You have not taken this quiz